[Event "HCL-C4083"]
[Site "www.playchess.de"]
[Date "2006.02.26"]
[Round "7"]
[White "Thrustnicely"]
[Black "Milosforman"]
[WhiteElo "954"]
[BlackElo "908"]
[PlyCount "69"]
[Result "1-0"]

1.e4 {:-)}  d6 2.d4 e6 3.h4 d5 4.e5 Nc6 5.Rh3 Bd7 
6.c3 f6 7.Bd3 f5 8.h5 Qe7 9.h6 g6 10.Nf3 Qd8 11.b4 
Be7 12.a4 g5 13.Nxg5 Bxg5 14.Qh5+ Kf8 15.Bxg5 Be8 
16.Bxd8 Bxh5 17.Bf6 Nxf6 18.exf6 Kf7 19.Rxh5 Kxf6 
20.Nd2 Rag8 21.g3 Rg4 22.a5 f4 23.gxf4 Rg1+ 24.Nf1 
b6 25.Bb5 Ne7 26.a6 c6 27.Ba4 b5 28.Bc2 Rhg8 
29.Bxh7 R8g4 30.Bd3 Rxf4 31.h7 Ng6 32.Bxg6 Kxg6 
33.h8Q Re4+ 34.Kd2 Rg2 35.Qg8+ 1-0

[Event "HCL-C4132"]
[Site "www.playchess.de"]
[Date "2006.02.26"]
[Round "7"]
[White "aussie"]
[Black "Tribun"]
[WhiteElo "1099"]
[BlackElo "800"]
[PlyCount "75"]
[Result "1-0"]

1.d4 d5 2.Bf4 Nf6 3.Nc3 e6 4.Qd3 Nc6 5.O-O-O Nb4 
6.Qg3 Bd6 7.Kb1 Bd7 8.Bxd6 cxd6 9.Qxg7 Rf8 10.Qg3 
Qb6 11.f3 Rc8 12.Qe1 Qc7 13.e3 a6 14.Nge2 Qa5 
15.Nc1 Qb6 16.a3 Nc6 17.Na4 Qc7 18.e4 b5 19.Nc3 
Rb8 20.exd5 Nxd5 21.Nxd5 Qd8 22.g4 Na5 23.Bg2 Bc6 
24.Nb4 Bd7 25.f4 Rc8 26.f5 Qg5 27.h3 d5 28.Nxd5 
Nc4 29.Rd3 Bc6 30.fxe6 Bxd5 31.exf7+ Kxf7 32.Rf1+ 
Kg7 33.h4 Qd8 34.Rxf8 Kxf8 35.Bxd5 Qxd5 36.Qf1+ 
Ke7 37.Qf5 Nd6 38.Qxd5 1-0

[Event "HCL-B3799"]
[Site "www.playchess.de"]
[Date "2006.02.26"]
[Round "13"]
[White "gronico"]
[Black "taroak"]
[WhiteElo "1121"]
[BlackElo "1450"]
[PlyCount "55"]
[Result "1-0"]

1.e4 c5 2.Bb5 a6 3.Bc4 e6 4.Nf3 b5 5.Be2 Qc7 6.b3 
Bb7 7.d3 d6 8.O-O Nf6 9.Bg5 Be7 10.Nbd2 O-O 11.c4 
Nbd7 12.Re1 d5 13.Rb1 Rfe8 14.cxd5 exd5 15.Rc1 
dxe4 16.Nxe4 Nxe4 17.Bxe7 Rxe7 18.dxe4 Bxe4 19.Nd4 
Qf4 20.Nf3 Rae8 21.Qd2 Qg4 22.h3 Qg6 23.Rc3 Qc6 
24.Rec1 c4 25.bxc4 b4 26.Rb3 a5 27.a3 Nc5 
28.Re3 1-0

[Event "HCL-B3819"]
[Site "www.playchess.de"]
[Date "2006.02.26"]
[Round "19"]
[White "taroak"]
[Black "WStanEvans"]
[WhiteElo "1506"]
[BlackElo "1181"]
[PlyCount "58"]
[Result "0-1"]

1.d4 f5 2.Nc3 e6 3.e4 Bb4 4.exf5 exf5 5.Bd2 Nf6 
6.Bd3 d5 7.Nge2 O-O 8.O-O g6 9.Re1 c6 10.Nb1 Bxd2 
11.Nxd2 Re8 12.Nf3 Ne4 13.Ne5 Nd7 14.f3 Nd6 15.c4 
Nxe5 16.dxe5 Nxc4 17.Bxc4 dxc4 18.Nc3 Be6 19.Qc2 
Qd4+ 20.Kh1 Rad8 21.Rad1 Qb6 22.Na4 Qc7 23.Qf2 b6 
24.Nc3 Bd5 25.Nxd5 cxd5 26.Rd4 Rxe5 27.Red1 Qc5 
28.Qh4 Ree8 29.h3 Kg7 0-1

[Event "HCL-B3821"]
[Site "www.playchess.de"]
[Date "2006.02.26"]
[Round "6"]
[White "tusnelda"]
[Black "scotty4u"]
[WhiteElo "1182"]
[BlackElo "1336"]
[PlyCount "93"]
[Result "1-0"]

1.e4 e5 2.Nf3 Nc6 3.Bc4 h6 4.d3 Nf6 5.Nc3 d6 6.Bd2 
Bg4 7.Nd5 Nd4 8.c3 Nc6 9.Bb5 a6 10.Ba4 b5 11.Bb3 
Ne7 12.Nxf6+ gxf6 13.h3 Bh5 14.g4 Bg6 15.Nh4 Qd7 
16.Qf3 Bg7 17.Nxg6 fxg6 18.O-O-O a5 19.a3 c5 
20.Bd5 Nxd5 21.exd5 b4 22.b3 bxa3 23.Kb1 a4 24.b4 
O-O 25.Ka2 cxb4 26.cxb4 Qb5 27.Qe4 f5 28.gxf5 Rxf5 
29.f4 Rb8 30.Rhg1 Kf7 31.Rdc1 Rb7 32.h4 h5 33.Rc6 
Rd7 34.Kxa3 {(offering draw)}  Bh6 35.Be3 Bxf4 
36.Rb6 Bxe3 37.Rxb5 Bxg1 38.Kxa4 Rf1 39.Ra5 Rb7 
40.d4 Ra1+ 41.Kb3 Bxd4 42.Rxa1 Bxa1 43.Qf3+ Kg7 
44.Qd3 Rc7 45.b5 Kf7 46.Qf1+ Ke7 
47.Qxa1 1-0

[Event "HCL-E1562"]
[Site "www.playchess.de"]
[Date "2006.02.26"]
[Round "6"]
[White "hal1958"]
[Black "Nobleman"]
[WhiteElo "1449"]
[BlackElo "1253"]
[PlyCount "134"]
[Result "0-1"]

1.b4 {have a nice game}  e5 2.Bb2 e4 3.e3 d5 4.c4 
Nf6 5.c5 b6 6.Qc2 Nbd7 7.c6 Nb8 8.b5 a6 9.a4 Bc5 
10.h3 O-O 11.Ne2 Be6 12.Nf4 Bf5 13.d3 Qd6 14.Nd2 
Rd8 15.Be2 g5 16.Nh5 Nxh5 17.Bxh5 exd3 18.Qc3 f6 
19.Qxf6 Qxf6 20.Bxf6 Rf8 21.Bc3 Be6 22.O-O h6 
23.Nb3 Bd6 24.Nd4 Bf7 25.Bxf7+ Rxf7 26.Rfd1 Be5 
27.Rxd3 Kh7 28.Rdd1 h5 29.Ne2 Bxc3 30.Nxc3 Rf5 
31.Nxd5 axb5 32.Nxc7 Rxa4 33.Rxa4 bxa4 34.e4 Rc5 
35.Ne6 Rxc6 36.Nxg5+ Kg6 37.Nf3 Re6 38.e5 Nc6 
39.Nd4 Nxd4 40.Rxd4 b5 41.Re4 a3 42.Re2 b4 43.f4 
Kf5 44.g3 b3 45.Kf2 b2 46.Kf3 b1Q 47.g4+ hxg4+ 
48.hxg4+ Kg6 49.f5+ Kg7 50.fxe6 Qf1+ 51.Rf2 Qd3+ 
52.Kg2 Qe4+ 53.Kf1 Qxe5 54.Re2 Qf6+ 55.Ke1 Qe7 
56.Kf1 Kg6 57.Kf2 Kg5 58.Kg3 Qd6+ 59.Kf3 Qf4+ 
60.Kg2 Qxg4+ 61.Kf1 Qf5+ 62.Kg2 Qd5+ 63.Kg1 Qc5+ 
64.Kg2 Qe7 65.Kg1 Kf6 66.Kf1 Qxe6 67.Rf2+ 
Qf5 0-1

[Event "HCL-B3888"]
[Site "www.playchess.de"]
[Date "2006.02.26"]
[Round "21"]
[White "GMO"]
[Black "IRONMAIDEN"]
[WhiteElo "1331"]
[BlackElo "1268"]
[PlyCount "51"]
[Result "1-0"]

1.d4 d5 2.Nc3 Nf6 3.Bf4 c6 4.e3 e6 5.Nf3 Nbd7 6.h3 
Bb4 7.a3 Bxc3+ 8.bxc3 Ne4 9.Qd3 Ndf6 10.c4 O-O 
11.c5 b6 12.cxb6 axb6 13.Qb3 b5 14.Bd3 Bd7 15.O-O 
Nh5 16.Bh2 Ng5 17.Nxg5 g6 18.Nf3 {No 17...g6, but 
17... Q x g5. Sorry...}  Qc8 {oh yes, I missed 
that - too many games in a short time...}  19.Bd6 
Re8 20.Be2 f5 21.Ne5 Ra4 22.Bxh5 gxh5 23.Qb1 Qb7 
24.Qd1 Kh8 25.Qxh5 Bc8 26.Qxe8+ {Sorry... Caution 
please!}  1-0

[Event "HCL-B3819"]
[Site "www.playchess.de"]
[Date "2006.02.26"]
[Round "10"]
[White "taroak"]
[Black "Snillie"]
[WhiteElo "1506"]
[BlackElo "1479"]
[PlyCount "56"]
[Result "0-1"]

1.d4 Nf6 2.Nc3 g6 3.Bg5 Bg7 4.Qd2 d5 5.O-O-O c6 
6.h4 Bf5 7.f3 Nbd7 8.g4 Be6 9.Nh3 Qa5 10.Nf2 h5 
11.e4 dxe4 12.fxe4 Nxg4 13.Nxg4 Bxg4 14.Re1 a6 
15.Bc4 e6 16.Rhf1 c5 17.e5 b5 18.Qf2 Rf8 19.Be2 
Bf5 20.Bf3 Rc8 21.Ne4 Bxe4 22.Rxe4 Qxa2 23.Rf4 
Qa1+ 24.Kd2 Qxb2 25.Be4 Qxd4+ 26.Bd3 Qxf2+ 
27.R1xf2 Nxe5 28.Be4 Ng4 0-1

[Event "HCL-T262"]
[Site "www.playchess.de"]
[Date "2006.02.26"]
[Round "6"]
[White "reddog"]
[Black "taroak"]
[WhiteElo "1802"]
[BlackElo "1375"]
[PlyCount "37"]
[Result "1-0"]

1.e4 e5 2.Nf3 Nc6 3.Bc4 Nf6 4.Ng5 Bc5 5.Bxf7+ 
{Hello taroak, we meet again good luck in this 
game}  Ke7 {Howdy GL to you too}  6.Bd5 Nxd5 
7.exd5 Nd4 8.c3 Nf5 9.Ne4 b6 10.d4 exd4 11.Bg5+ 
Kf7 12.Bxd8 Ba6 13.Qf3 Rf8 14.Nxc5 bxc5 15.Qxf5+ 
Kg8 16.Qxd7 Raxd8 17.Qe6+ Kh8 18.Qxa6 Rde8+ 
19.Kf1 1-0

[Event "HCL-B3837"]
[Site "www.playchess.de"]
[Date "2006.02.26"]
[Round "5"]
[White "IRONMAIDEN"]
[Black "Felipe_Lungov"]
[WhiteElo "1261"]
[BlackElo "1270"]
[PlyCount "91"]
[Result "1/2-1/2"]

1.d4 {Hi Felipe!}  Nf6 {hello; good luck for you, 
my frd}  2.Nf3 Nc6 3.Bf4 e6 4.a3 d5 5.e3 Bd6 
6.Bxd6 Qxd6 7.Nc3 O-O 8.Bd3 Ne7 9.O-O Re8 10.b4 
Bd7 11.Ne2 Nf5 12.c4 dxc4 13.Bxc4 Ne4 14.Rc1 Rac8 
15.Ne5 f6 16.Nf3 Bc6 17.Nf4 Bd7 18.Bd3 Bc6 19.Bxe4 
Bxe4 20.Nd2 Bc6 21.Nc4 Qd7 22.Qc2 Bb5 23.Rfe1 Bxc4 
24.Qxc4 g5 25.Nh5 Kf7 26.Rcd1 Kg6 27.Ng3 Nxg3 
28.fxg3 g4 29.Ref1 f5 30.Qe2 Qc6 31.Rdc1 Qe4 
32.Qf2 Red8 33.Qf4 Qxf4 34.gxf4 Rd6 35.g3 Ra6 
36.Rc3 Ra4 37.Rfc1 c6 38.Kg2 a5 39.bxa5 Ra8 40.Rb1 
R8xa5 41.Rxb7 R4xa3 42.Rxa3 Rxa3 43.Rb6 Rxe3 
44.Rxc6 h5 45.d5 Kf7 46.dxe6+ {(offering draw)} 
 1/2-1/2

[Event "HCL-C4199"]
[Site "www.playchess.de"]
[Date "2006.02.26"]
[Round "2"]
[White "Azimut"]
[Black "Bense"]
[WhiteElo "1506"]
[BlackElo "1147"]
[PlyCount "37"]
[Result "1-0"]

1.e3 {Dear friend, please to meet you and best 
wishes for the tournament.Kind regards.}  e5 
{Pleased to meet you also. Good luck to you!}  
2.b3 d6 3.g3 Nf6 4.Bg2 Nbd7 5.d3 g6 6.Ne2 Nb6 
7.Nd2 d5 8.Bb2 Bd6 9.h3 c6 10.a3 a5 11.O-O Nbd7 
12.f4 exf4 13.Nxf4 g5 14.Nh5 Rg8 15.Bxf6 Qb6 
16.Qf3 a4 17.Ng7+ Kf8 18.Bd4 c5 
19.Qxf7+ 1-0

[Event "HCL-B3831"]
[Site "www.playchess.de"]
[Date "2006.02.26"]
[Round "11"]
[White "Akkarin"]
[Black "je_suis_tahmid"]
[WhiteElo "1333"]
[BlackElo "1180"]
[PlyCount "127"]
[Result "1-0"]

1.d3 {Hello from Imardin, Kyralia}  d5 2.Nd2 e5 
3.Ngf3 Nf6 4.e4 dxe4 5.dxe4 Bc5 6.h3 O-O 7.c3 Nc6 
8.Be2 b6 9.Qc2 Bb7 10.O-O Qe7 11.b4 Bd6 12.a4 Rfd8 
13.Bb2 Qe8 14.Nc4 Qe6 15.Nxd6 Rxd6 16.Rad1 Rad8 
17.Rxd6 cxd6 18.Rd1 d5 19.exd5 Nxd5 20.Bc4 Nce7 
21.Qe2 Qc6 22.b5 Qc7 23.Qxe5 Qc8 24.Ba3 Re8 25.Qd4 
Nf6 26.Bxe7 Rxe7 27.Qd8+ Re8 28.Qxc8 Rxc8 29.Ne5 
h6 30.Bxf7+ Kh8 31.c4 Be4 32.Bg6 Bxg6 33.Nxg6+ Kh7 
34.Ne5 Re8 35.Nc6 Re4 36.Rc1 Re2 37.f3 Ra2 38.Nxa7 
Rxa4 39.Nc8 Nd7 40.Kf2 Ra2+ 41.Kg3 Re2 42.h4 Kg6 
43.Rc3 Re6 44.Na7 Nc5 45.Nc6 Na4 46.Rc2 Kh5 47.Nd4 
Rf6 48.Nb3 g5 49.hxg5 hxg5 50.c5 bxc5 51.Nxc5 Nxc5 
52.Rxc5 Rd6 53.f4 Rd3+ 54.Kf2 Kg4 55.fxg5 Rd2+ 
56.Kf1 Rb2 57.g6 Kf4 58.g7 Ke3 59.Rc3+ Kd4 60.Rf3 
Ke4 61.g8Q Rxb5 62.Qg4+ Kd5 63.Rf5+ Kc6 
64.Qg6+ 1-0

[Event "HCL-C4076"]
[Site "www.playchess.de"]
[Date "2006.02.26"]
[Round "9"]
[White "Thrustnicely"]
[Black "Milosforman"]
[WhiteElo "960"]
[BlackElo "928"]
[PlyCount "103"]
[Result "1-0"]

1.e4 c5 2.d3 d6 3.f4 e6 4.h4 Be7 5.g3 f6 6.c3 e5 
7.f5 Nc6 8.Qb3 Na5 9.Qb5+ Bd7 10.d4 cxd4 11.Qd3 a6 
12.c4 Qb6 13.Rh2 Nh6 14.b3 O-O 15.Bd2 Ng4 16.Rg2 
Qc5 17.b4 Qxc4 18.bxa5 Qxd3 19.Bxd3 Bc6 20.Bc4+ 
Kh8 21.Be2 Ne3 22.Bxe3 dxe3 23.Nc3 Rad8 24.Bc4 
Rdc8 25.Rc1 Bb5 26.Nd5 Rfe8 27.Nb6 Rc6 28.Re2 Bxc4 
29.Nxc4 Rec8 30.Rec2 R6c5 31.Nxe3 R5xc2 32.Rxc2 
Rxc2 33.Nxc2 g6 34.g4 g5 35.h5 h6 36.Ne2 Bd8 
37.Na3 Bxa5+ 38.Kd1 b5 39.Nc2 Kg7 40.a3 Bb6 41.Nc3 
Bc5 42.Nd5 Kf7 43.Ncb4 Bxb4 44.axb4 Ke8 45.Nxf6+ 
Kf7 46.Nd5 Ke8 47.Nc7+ Kd7 48.Nxa6 d5 49.Nc5+ Kc6 
50.f6 Kd6 51.exd5 e4 52.Ke2 1-0

[Event "HCL-C4099"]
[Site "www.playchess.de"]
[Date "2006.02.26"]
[Round "2"]
[White "ivofle"]
[Black "spartan1"]
[WhiteElo "818"]
[BlackElo "928"]
[PlyCount "82"]
[Result "0-1"]

1.e4 e5 2.a3 Nf6 3.Nc3 c6 4.Bc4 b5 5.Bd3 d6 6.Nf3 
Bg4 7.Be2 Nbd7 8.d3 Be7 9.O-O Be6 10.Ng5 h6 
11.Nxe6 fxe6 12.Be3 O-O 13.d4 a5 14.dxe5 Nxe5 
15.Bxh6 gxh6 16.a4 b4 17.Na2 Nxe4 18.Qd4 Ng5 
19.Nc1 Bf6 20.Nd3 Nxd3 21.Qh4 Kg7 22.Bxd3 Bxb2 
23.Rab1 Bc3 24.Qh5 d5 25.Qg6+ Kh8 26.Qxh6+ Kg8 
27.Qg6+ Bg7 28.Qh5 e5 29.Rbe1 Qf6 30.Re3 e4 31.Be2 
Qh6 32.Qg4 Rac8 33.Ba6 Rc7 34.c4 bxc3 35.Rc1 Ra8 
36.Be2 Rb8 37.Rcxc3 Ne6 38.Qf5 Rb1+ 39.Bf1 Bxc3 
40.Rxc3 Nd4 41.Rc5 Nxf5 0-1

[Event "HCL-A2621"]
[Site "www.playchess.de"]
[Date "2006.02.26"]
[Round "15"]
[White "PhilipKaveny"]
[Black "victorabiodun03"]
[WhiteElo "1324"]
[BlackElo "1579"]
[PlyCount "133"]
[Result "1-0"]

1.e4 e6 2.d4 d5 3.exd5 exd5 4.Nf3 Nf6 5.c3 Bd6 
6.Bd3 O-O 7.O-O Nbd7 8.Na3 a6 9.c4 c6 10.c5 Bc7 
11.Bg5 h6 12.Bh4 g5 13.Nxg5 hxg5 14.Bxg5 Bb8 15.f4 
Qc7 16.Qf3 Kg7 17.Qg3 Ne4 18.Bxe4 dxe4 19.Bd8+ Kh8 
20.Bxc7 Bxc7 21.Nc4 Nf6 22.Qh4+ Nh7 23.Ne3 f5 
24.d5 cxd5 25.Nxd5 Bd8 26.Qe1 Be6 27.Ne3 Bf6 
28.Rc1 Rf7 29.c6 bxc6 30.Rxc6 Bxa2 31.Qa5 Bd4 
32.Qxa2 Bxe3+ 33.Kh1 Rd7 34.Qc4 Rad8 35.Rxa6 Bd4 
36.Rc6 Bxb2 37.Rc8 Bg7 38.Rxd8+ Rxd8 39.g4 fxg4 
40.Qxe4 Rf8 41.Kg2 {Okay I got angry and responded 
in an un Christain way I will play you again any 
time:)}  Nf6 42.Qd3 Re8 {i was only joking when 
you offered draw in a game clearly won by me but 
did not intent to be rude to you.}  43.Rf2 Re4 
44.Qd8+ Re8 45.Qa5 Re3 46.Qa8+ Re8 47.Qb7 Kg8 
{(offering draw)}  48.Rc2 {Lets make a few more 
moves}  Kh8 49.Rc8 Rxc8 50.Qxc8+ Kh7 51.f5 Kh6 
52.Qc1+ Kh7 53.Qg5 Kg8 54.h4 gxh3+ 55.Kxh3 Kf8 
56.Kh4 Kg8 57.Qc1 Kh7 58.Qc6 Kg8 {(offering draw)} 
 59.Qe6+ {Lets see if I can give something  more 
to laugh about}  Kh7 {ok}  60.Kg5 {You are  s good 
sport}  Kh8 61.Kg6 Nh7 62.Qc8+ Nf8+ 63.Kf7 Kh7 
64.Qxf8 Bxf8 65.Kxf8 Kh6 66.f6 Kg6 
67.Ke7 1-0

[Event "HCL-B3845"]
[Site "www.playchess.de"]
[Date "2006.02.26"]
[Round "11"]
[White "yeyo"]
[Black "Genrry28"]
[WhiteElo "1210"]
[BlackElo "1516"]
[PlyCount "62"]
[Result "0-1"]

1.e4 {Hola! Buena suerte}  c5 {Igualmente 
compatriota!!}  2.Nc3 {Es la primera vez que juego 
con un peruano...}  Nc6 {Igualmente, espero que 
quedemos en los 2 primeros lugares!!}  3.Nf3 {Je, 
je, ojalá}  d6 4.d3 Bg4 5.g3 Nf6 6.Bg2 g6 7.O-O 
Bg7 8.a3 O-O 9.Be3 Ne5 10.Nxe5 Bxd1 11.Nxg6 hxg6 
12.Rfxd1 Ng4 13.Nd5 e6 14.Bh3 Nxe3 15.Nxe3 Bxb2 
16.Rab1 Bxa3 17.Rxb7 Bb4 18.Ra1 a5 19.Ng4 Rb8 
20.Rxb8 Qxb8 21.Nf6+ Kg7 22.Nd7 Qb5 23.Nxf8 Kxf8 
24.Bf1 Qd7 25.c4 a4 26.f4 e5 27.f5 gxf5 28.Bh3 Qa7 
29.Bxf5 a3 30.Ra2 Qa4 31.Bg4 Qb3 0-1

[Event "HCL-E1579"]
[Site "www.playchess.de"]
[Date "2006.02.26"]
[Round "1"]
[White "Maccdavid"]
[Black "Chuck_Ventimiglia"]
[WhiteElo "1597"]
[BlackElo "2049"]
[PlyCount "62"]
[Result "0-1"]

1.e4 {Hello again and good luck.}  e6 {Same to 
you!!}  2.Nf3 d5 3.e5 c5 4.b4 a6 5.bxc5 Bxc5 6.d4 
Bb6 7.Bd3 Nc6 8.c3 Bd7 {I have done a great job of 
sealing myself in.  :-)}  9.O-O {I've just got to 
keep it that way!}  Nge7 10.Bg5 h6 11.Bh4 g5 
12.Bg3 Qc7 13.Nbd2 O-O-O 14.Rb1 Rdf8 15.Qb3 Ba7 
16.h3 Na5 17.Qa3 Bc6 18.Nh2 h5 19.h4 Ng6 20.Nhf3 
gxh4 21.Nxh4 Rfg8 22.Nxg6 fxg6 23.f4 h4 24.Bh2 g5 
25.fxg5 Rxg5 {I know you would just love for me to 
somehow open that e5 diagnol so your Bishop could 
operate better. :-)}  26.Rf8+ {If you want to sac 
your rook on e5, I won't be objecting. ;-)}  Rxf8 
{I had to create some space for my pieces.  Now at 
least I have room to manuever.}  27.Qxf8+ Qd8 
28.Qxd8+ Kxd8 29.Rf1 h3 30.Rf2 Rg7 31.Bg3 Rxg3 
{Did you really mean to give me your Bishop?} 
 0-1

[Event "HCL-A2530"]
[Site "www.playchess.de"]
[Date "2006.02.26"]
[Round "10"]
[White "janaj"]
[Black "Khalif"]
[WhiteElo "1248"]
[BlackElo "1345"]
[PlyCount "69"]
[Result "1-0"]

1.c4 {Hello from Munich}  Nf6 {hello from Santiago 
of Chile}  2.g3 d5 3.cxd5 Nxd5 4.Bg2 c5 5.Nf3 Nc6 
6.O-O g6 7.a3 Bg7 8.e4 Nc7 9.Nc3 O-O 10.d3 Bg4 
11.h3 Be6 12.Ng5 Qd7 13.Nxe6 Nxe6 14.Nd5 Ned4 
15.Kh2 Rad8 16.Be3 e6 17.Nc3 Na5 18.Rb1 Ndb3 19.a4 
Qxd3 20.Qxd3 Rxd3 21.Rfd1 Rfd8 22.Bf3 Bxc3 23.bxc3 
R3xd1 24.Bxd1 Nd2 25.Rb5 b6 26.e5 Ndc4 27.Rb1 Nxe5 
28.Bg5 Rd3 29.Bf6 Nac6 30.Bxe5 Nxe5 31.Rc1 h5 
32.Kg2 f5 33.Be2 Rd2 34.Bb5 c4 
35.Re1 1-0

[Event "HCL-C4173"]
[Site "www.playchess.de"]
[Date "2006.02.27"]
[Round "6"]
[White "Milosforman"]
[Black "knightprancer"]
[WhiteElo "1028"]
[BlackElo "1253"]
[PlyCount "52"]
[Result "0-1"]

1.d4 d5 {Hi and all the best !}  2.Nc3 e6 3.e3 c5 
4.Bb5+ Bd7 {Italy has done a great job hosting the 
Olympics!}  5.Bxd7+ {ty very much!}  Qxd7 {do you 
have a favorite winter event ? I enjoy the 
hockey,luge,bobsledding and skiing events.}  6.Nf3 
{i love biathlon.... dont u?}  Nc6 {it's does not 
get much tv coverage ,so i find it difficult to 
appreciate fully their skills being performed.}  
7.Ne5 {i see... i also like curling... even if in 
italy it is not so famous}  Nxe5 {how is Italy 
doing so far? The Canadian women just won the gold 
medal for ice hockey over sweden,goo hard fought 
game!}  8.dxe5 {we dont have a competitive hockey 
team... i guess u fighting for gold... right?}  
Qc7 {no canada just won the gold 45 minutes ago.}  
9.f4 {lol! ;o) congratulations! i didny know that 
was the final match!}  Nh6 {lol that's ok.}  
10.Bd2 Nf5 {do you ever play in over the board 
tournaments? I have in the past but faired 
poorly.}  11.Qe2 {which ones? the big league u 
mean?}  c4 {tournaments to win a trophy or money 
.}  12.Qf2 {no i didnt. where have u played that? 
on line?}  O-O-O {no ,i played tournaments in 
different cities in through out my province that i 
live in .the time controls vary from 5 hour games 
2 1/2 each - 4 hours a game and also 2 hour games 
.1 hour each.}  13.g4 {wow great... i think i 
couldnt.. i am not so good in chess...}  d4 {i'am 
just an average player .you get to meet many 
people that way and see some very exciting 
matches!}  14.gxf5 dxc3 15.Bxc3 exf5 {that was an 
intresting exchange!}  16.Bd4 {yes it was but u 
dont allow me do make 0-0-0...}  Qa5+ {i'am trying 
my best !}  17.c3 {i see!}  h6 {I was on Ebay just 
browsing the hundreds of chess books for sale,wow 
there are so many titles it makes my head spin!}  
18.O-O {i loves finals.... and hate medium game!}  
b6 {you can show me your endgm skills because I 
think this game is about to open wide up !}  
19.Rfd1 {i hope to reach that!}  Rg8 {you and I 
played once before and the gm ended i think in a 
draw.}  20.Qh4 {really? nice!}  g5 21.fxg5 Rxg5+ 
{do read the magazine New In Chess from Holland 
.It's a good read !}  22.Kh1 Qd5+ 23.e4 fxe4 
24.Be3 Qxd1+ 25.Rxd1 Rxd1+ 26.Bg1 {nice game 
compliments}  Rdxg1+ {thanks for a good hard 
fought match ! ( handshake )}  0-1

[Event "HCL-C4076"]
[Site "www.playchess.de"]
[Date "2006.02.27"]
[Round "7"]
[White "Thrustnicely"]
[Black "JerryReneau"]
[WhiteElo "960"]
[BlackElo "1079"]
[PlyCount "99"]
[Result "1/2-1/2"]

1.e4 d5 2.e5 e6 3.d4 c5 4.Bb5+ Bd7 5.a4 Bxb5 
6.axb5 c4 7.h4 Qb6 8.Nc3 Bb4 9.Rh3 Bxc3+ 10.Rxc3 
Qxb5 11.Rca3 a6 12.c3 Ne7 13.R3a5 Qb3 14.Qxb3 cxb3 
15.Nf3 O-O 16.Rb5 Ra7 17.Rxb3 b5 18.g4 f6 19.h5 
fxe5 20.Nxe5 Nbc6 21.Nxc6 Nxc6 22.Rba3 a5 23.b4 a4 
24.Be3 e5 25.dxe5 Re7 26.f4 Rc7 27.Kd2 Ne7 28.f5 
g6 29.hxg6 hxg6 30.f6 Nc6 31.Bf4 g5 32.Bxg5 Nxe5 
33.Bf4 Nc4+ 34.Kd3 Rcf7 35.g5 Nxa3 36.Rxa3 Kh7 
37.Kd4 Rd7 38.Be5 Rff7 39.Kc5 Kg6 40.Kxb5 Kxg5 
41.Rxa4 Kf5 42.Bd4 Rdc7 43.Ra5 Rcb7+ 44.Kc6 Ke4 
45.Rxd5 Rfc7+ 46.Kd6 Rcd7+ 47.Kc6 {Sorry Jerry , i 
missed your message in our other game & yes it was 
lots of fun - a rare win against you ...}  Rbc7+ 
48.Kb6 Rcb7+ 49.Kc6 Rbc7+ 50.Kb6 {(offering draw) 
we seem to be at an impasse :-)} 
 1/2-1/2

[Event "HCL-A2467"]
[Site "www.playchess.de"]
[Date "2006.02.27"]
[Round "8"]
[White "schachsky"]
[Black "goathed"]
[WhiteElo "1195"]
[BlackElo "1309"]
[PlyCount "74"]
[Result "0-1"]

1.d4 {Have a nice game!}  d5 2.Nf3 Nf6 3.Nc3 Nc6 
4.e3 Bg4 5.Be2 e6 6.O-O Bb4 7.Bd2 O-O 8.a3 Bd6 
9.b4 a6 10.Qc1 Qe7 11.Nd1 Ne4 12.Nc3 Nxd2 13.Qxd2 
h6 14.h3 Bf5 15.Nd1 b5 16.c3 Bh7 17.Nh2 Bxh2+ 
18.Kxh2 Qd6+ 19.g3 Ne7 20.f4 {best wishes for 
2006!}  Nf5 21.Bg4 Rfe8 22.Nf2 Re7 23.e4 dxe4 
24.Nxe4 Qd5 25.Nc5 Nd6 26.Bf3 Be4 27.Nxe4 Nxe4 
28.Qd3 f5 29.g4 Rf8 30.Rfe1 Qd6 31.Bxe4 Qxf4+ 
32.Kg1 fxe4 33.Rxe4 Qf2+ 34.Kh1 Rf3 35.Ra2 Qg3 
36.Qe2 Qxh3+ 37.Qh2 Rf1+ 0-1

[Event "HCL-B3856"]
[Site "www.playchess.de"]
[Date "2006.02.27"]
[Round "13"]
[White "WStanEvans"]
[Black "Snillie"]
[WhiteElo "1410"]
[BlackElo "1488"]
[PlyCount "96"]
[Result "0-1"]

1.e4 d6 2.d4 Nf6 3.Nc3 g6 4.f4 Bg7 5.h3 O-O 6.Nf3 
c5 7.d5 Qa5 8.Bd2 a6 9.a4 Nbd7 10.Bd3 Qc7 11.O-O 
b6 12.Rb1 Re8 13.Re1 c4 14.Bf1 Bb7 15.Qe2 e5 
16.dxe6 Rxe6 17.Qxc4 Rc8 18.Qxc7 Rxc7 19.Bd3 Nc5 
20.Nd5 Nxd5 21.exd5 Rxe1+ 22.Nxe1 Nxd3 23.cxd3 
Bxd5 24.b4 Bd4+ 25.Kf1 Kf8 26.g3 Ke7 27.Ke2 Be6 
28.g4 h5 29.gxh5 gxh5 30.Nf3 Bf6 31.Ng1 Bd4 32.Be3 
Rc2+ 33.Kd1 Ba2 34.Kxc2 Bxb1+ 35.Kxb1 Bxe3 36.Ne2 
Kf6 37.Kc2 Kf5 38.Kc3 Bxf4 39.Kd4 Bd2 40.b5 axb5 
41.axb5 Ke6 42.Ng3 h4 43.Ne4 Bc1 44.Kc3 d5 45.Nf2 
Kf5 46.Kd4 Ke6 47.Ng4 f5 48.Ne5 
Bb2+ 0-1

[Event "ACL-E209"]
[Site "www.playchess.de"]
[Date "2006.02.27"]
[Round "6"]
[White "leobor"]
[Black "lenos"]
[WhiteElo "1911"]
[BlackElo "2302"]
[PlyCount "77"]
[Result "1/2-1/2"]

1.e4 e6 2.d4 d5 3.e5 c5 4.c3 Nc6 5.Nf3 Bd7 6.Be2 
Qb6 7.O-O Nh6 8.b3 Nf5 9.dxc5 Bxc5 10.Bd3 O-O 
11.Na3 Qc7 12.Nb5 Qb6 13.b4 Be7 14.a4 a5 15.Bxf5 
exf5 16.Be3 Qd8 17.bxa5 Qxa5 18.c4 d4 19.Bxd4 Be6 
20.Qc2 Rfd8 21.Rfd1 Rac8 22.Bc3 Qa6 23.Rab1 Bxc4 
24.Nd6 Rc7 25.Qxf5 Qxa4 26.Ng5 Bxg5 27.Qxg5 Rcd7 
28.Rde1 Bd3 29.Rxb7 Rxb7 30.Nxb7 Rd5 31.Nd6 Bg6 
32.Qe3 Rd3 33.Qc5 h6 34.h3 Kh7 35.Qb5 Qc2 36.Qxc6 
Rxc3 37.Qb5 Qa2 38.Qe2 Rc2 39.Qf3 {(offering 
draw)}  1/2-1/2

[Event "HCL-C4187"]
[Site "www.playchess.de"]
[Date "2006.02.27"]
[Round "2"]
[White "djpnola"]
[Black "gronico"]
[WhiteElo "1075"]
[BlackElo "1192"]
[PlyCount "100"]
[Result "0-1"]

1.f4 {Hello again.
}  Nf6 2.Nc3 g6 3.e4 d6 4.h3 Nc6 5.Nf3 b6 6.Bb5 
Bd7 7.Bxc6 Bxc6 8.d3 Qd7 9.e5 dxe5 10.Nxe5 Qe6 
11.Qe2 Nd7 12.Nxc6 Qxc6 13.O-O Bg7 14.Be3 O-O 
15.d4 Rad8 16.d5 Qd6 17.Qc4 Bxc3 18.bxc3 Nf6 
19.Qd4 Nxd5 20.f5 Nxe3 21.Qxe3 Qd2 22.Qxe7 Qxc3 
23.fxg6 hxg6 24.Qe2 Rd2 25.Qg4 Qxc2 26.Qf3 c5 
27.Rf2 Rxf2 28.Qxf2 Qxf2+ 29.Kxf2 Rc8 30.Rc1 Kg7 
31.Kf3 Kf6 32.Ke4 g5 33.g4 Ke6 34.Re1 c4 35.Kd4+ 
Kd6 36.Rc1 b5 37.a4 a6 38.axb5 axb5 39.Kc3 Kc5 
40.Rf1 b4+ 41.Kb2 Kd4 42.Rxf7 c3+ 43.Kc2 
{(offering draw)}  b3+ {i think i can promote one 
pawn...}  44.Kc1 Rc5 45.Rd7+ Rd5 46.Rh7 Kd3 47.h4 
gxh4 48.Rxh4 Re5 49.Rh3+ Kc4 50.Rh5 
Re1+ 0-1

[Event "HCL-C4082"]
[Site "www.playchess.de"]
[Date "2006.02.27"]
[Round "7"]
[White "epenz"]
[Black "Milosforman"]
[WhiteElo "1024"]
[BlackElo "918"]
[PlyCount "120"]
[Result "0-1"]

1.e4 c5 2.Nf3 d6 3.Bc4 e6 4.d3 Be7 5.O-O Nf6 6.h3 
Bd7 7.Nc3 Nc6 8.Re1 a6 9.a3 b5 10.Ba2 h6 11.Be3 
O-O 12.Ne2 d5 13.e5 Ne8 14.c3 f5 15.d4 c4 16.b3 
Bg5 17.Bxg5 hxg5 18.Qd2 f4 19.bxc4 bxc4 20.Bb1 Nc7 
21.a4 Rb8 22.Bc2 Rb2 23.Reb1 Rxb1+ 24.Rxb1 Qe7 
25.Bg6 Rb8 26.Rxb8+ Nxb8 27.a5 Nc6 28.Qa2 Nb5 
29.Qa1 Qd8 30.g3 Nxa5 31.gxf4 gxf4 32.Nxf4 Nxc3 
33.Qxc3 Nb3 34.Nd2 a5 35.Nxb3 cxb3 36.Qxb3 a4 
37.Qa3 Qg5+ 38.Kf1 Qxf4 39.Qe3 Qxe3 40.fxe3 a3 
41.Bb1 Ba4 42.Ba2 g5 43.Kf2 Kg7 44.Kg3 {(offering 
draw)}  Kg6 45.Kg4 Bb5 46.h4 gxh4 47.Kxh4 Kf5 
48.Kh5 Ke4 49.Kg6 Kxe3 50.Kf6 Bd7 51.Ke7 Bc8 
52.Kd8 Ke4 53.Kxc8 Kxd4 54.Kd7 Kxe5 55.Ke7 d4 
56.Bxe6 d3 57.Bb3 d2 58.Kd7 a2 59.Bxa2 d1Q+ 60.Kc6 
Qc2+ 0-1